000 00374nam a2200133Ia 4500
005 20260328104338.0
008 260328s9999||||xx |||||||||||||| ||und||
100 _aDoxiadis, A.C
245 4 _aThe two headed eagle :
_b from the past to the future of Human settlements /
_cA.C Doxiadis
260 _bAncient Greece
300 _a121 p.
650 _aURBANISMO
942 _cBK
999 _c12009
_d12009